Database System Concepts 2nd Ed. (Record no. 21557)

MARC details
000 -LEADER
fixed length control field 00304nam a22001217a 4500
008 - FIXED-LENGTH DATA ELEMENTS--GENERAL INFORMATION
fixed length control field 251013b |||||||| |||| 00| 0 eng d
020 ## - INTERNATIONAL STANDARD BOOK NUMBER
ISBN 0-07-100804-7
100 ## - MAIN ENTRY--AUTHOR NAME
Personal name H. F. Korth
245 ## - TITLE STATEMENT
Title Database System Concepts 2nd Ed.
260 ## - PUBLICATION, DISTRIBUTION, ETC. (IMPRINT)
Place of publication New Delhi
Name of publisher McGraw Hill
Year of publication 1991
300 ## - PHYSICAL DESCRIPTION
Number of Pages 694
942 ## - ADDED ENTRY ELEMENTS (KOHA)
Source of classification or shelving scheme Dewey Decimal Classification
Koha item type Books
Holdings
Accession Number Source of acquisition Price effective from Koha item type Withdrawn / writtenoff status Damaged status Not for loan Permanent Location Current Location Shelving location Date acquired Lost/ Missing status department
BB 1525 Received From Director Office (Donated) 10/13/2025 Books       MIET Library, Jammu MIET Library, Jammu 104/6 10/09/2025   BB